|
|
|
|
| LEADER |
01936nam a2200349 a 4500 |
| 001 |
15561789 |
| 008 |
110123s2009 inua 001 0 eng d |
| 010 |
|
|
|a 2008054906
|
| 020 |
|
|
|a 9780470417973 (paper/cd-rom)
|
| 020 |
|
|
|a 0470417978 (paper/cd-rom)
|
| 040 |
|
|
|a DLC
|c DLC
|d BTCTA
|d YDXCP
|d C#P
|d BWX
|d CDX
|d DLC
|d BD-DhAAL
|
| 082 |
0 |
0 |
|a 005.13/3
|2 22
|
| 100 |
1 |
|
|a Raposa, Richard F.
|
| 245 |
1 |
0 |
|a SCJP :
|b Sun certified programmer for Java platform, SE6 : study guide /
|c Richard F. Raposa.
|
| 246 |
3 |
0 |
|a Sun certified programmer for Java platform, SE6
|
| 260 |
|
|
|a Indianapolis, Ind. ;
|a New Delhi :
|b Wiley Pub.,
|c c2009.
|
| 300 |
|
|
|a xlii, 531 p. :
|b ill. ;
|c 24 cm. +
|e 1 CD-ROM (4 3/4 in.).
|
| 490 |
1 |
|
|a Serious skills
|
| 500 |
|
|
|a Includes index.
|
| 500 |
|
|
|a Includes one folded tear-out page of CX-301-065 exam objectives.
|
| 541 |
1 |
|
|e 00021855
|
| 650 |
|
0 |
|a Electronic data processing personnel
|x Certification.
|
| 650 |
|
0 |
|a Operating systems (Computers)
|x Examinations
|v Study guides.
|
| 650 |
|
0 |
|a Java (Computer program language)
|x Examinations
|v Study guides.
|
| 830 |
|
0 |
|a Serious skills.
|
| 852 |
|
|
|a Ayesha Abed Library
|c General Shelf.
|
| 942 |
0 |
0 |
|0 1
|
| 999 |
|
|
|c 10370
|d 10370
|
| 952 |
|
|
|0 0
|1 0
|2 ddc
|4 0
|6 005_133000000000000_RAP
|7 0
|9 14133
|a BRACUL
|b BRACUL
|c GEN
|d 2011-01-23
|e Trust Line International
|g 1125.00
|l 5
|m 35
|o 005.133 RAP
|p 3010021855
|r 2026-04-27
|s 2025-05-27
|t 1
|w 2011-01-23
|y BK
|
| 952 |
|
|
|0 0
|1 0
|2 ddc
|4 0
|6 005_133000000000000_RAP
|7 0
|9 14134
|a BRACUL
|b BRACUL
|c GEN
|d 2011-01-23
|e Trust Line International
|g 1125.00
|l 6
|m 71
|o 005.133 RAP
|p 3010021856
|r 2019-07-09
|s 2019-01-08
|t 2
|w 2011-01-23
|y BK
|
| 952 |
|
|
|0 0
|1 0
|2 ddc
|4 0
|6 005_133000000000000_RAP
|7 0
|9 14135
|a BRACUL
|b BRACUL
|c AV
|d 2011-01-23
|l 1
|o 005.133 RAP
|p 4010021855
|r 2013-01-23
|s 2013-01-23
|t 1
|w 2011-01-23
|y AV
|
| 952 |
|
|
|0 0
|1 0
|2 ddc
|4 0
|6 005_133000000000000_RAP
|7 0
|9 14136
|a BRACUL
|b BRACUL
|c AV
|d 2011-01-23
|l 12
|o 005.133 RAP
|p 4010021856
|r 2013-10-13
|s 2013-09-29
|t 2
|w 2011-01-23
|y AV
|